01013nam a22002417a 4500003000200000005001700002008004100019050002400060100002700084245008800111260007100199300005100270500004100321504005600362650003400418650003800452650003700490650003600527650004700563942001200610999001900622952013000641020250204153937.0250204b xxu||||| |||| 00| 0 eng d aNK 9503.5b.D4 2023 aDe Leon, Mina Kyla S.  aTapiseryab Philippine indigenous textiles design explorationcMina Kyla S. De Leon aLas Pinas CitybSouthville International School and Collegesc2023 aviii, 154 pages :bcolored pictures ; c28cm.  aBachelor of Arts in Multimedia Arts. aIncludes bibliographical references and appendices. aTextile design—Philippines. aIndigenous weaving—Philippines. aHandwoven fabrics—Philippines. aTraditional arts—Philippines. aEthnic patterns in textiles—Philippines. 2lcccTH c367121d367121 00102lcc40aCLbCLcTHESESd2025-02-04eDONATIONkTHESESl0oNK 9503.5 .D4 2023pT1336r2025-02-04 00:00:00w2025-02-04yTH